<?xml version="1.0" encoding="UTF-8"?>
<record
    xmlns:xsi="http://www.w3.org/2001/XMLSchema-instance"
    xsi:schemaLocation="http://www.loc.gov/MARC21/slim http://www.loc.gov/standards/marcxml/schema/MARC21slim.xsd"
    xmlns="http://www.loc.gov/MARC21/slim">

  <leader>00638nam a2200169 a 4500</leader>
  <controlfield tag="001">406</controlfield>
  <controlfield tag="003">CDMR</controlfield>
  <controlfield tag="005">20131128132401.0</controlfield>
  <controlfield tag="008">130130s1928||||||||||||||||||||||||||||d</controlfield>
  <datafield tag="040" ind1=" " ind2=" ">
    <subfield code="a">CDMR</subfield>
    <subfield code="b">cat</subfield>
    <subfield code="c">CDMR</subfield>
  </datafield>
  <datafield tag="100" ind1="1" ind2=" ">
    <subfield code="a">Navarro Cabanes, Josep</subfield>
    <subfield code="9">283</subfield>
  </datafield>
  <datafield tag="245" ind1="1" ind2="0">
    <subfield code="a">Catalec bibliografic de la prensa valenciana</subfield>
    <subfield code="b">: escrita en nostra llengua y publicada en Valencia, pobles de la provincia i per les colonies valencianes en Madrit, Barcelona, Zarago&#xE7;a i rep&#xFA;bliques americanes : 1586-1927</subfield>
  </datafield>
  <datafield tag="260" ind1=" " ind2=" ">
    <subfield code="a">Valencia</subfield>
    <subfield code="c">1928</subfield>
    <subfield code="b">Diario de Valencia</subfield>
  </datafield>
  <datafield tag="300" ind1=" " ind2=" ">
    <subfield code="a">175 p.</subfield>
    <subfield code="c">23 cm</subfield>
  </datafield>
  <datafield tag="650" ind1="0" ind2="4">
    <subfield code="9">3311</subfield>
    <subfield code="a">Premsa</subfield>
    <subfield code="z">Comunitat Valenciana</subfield>
  </datafield>
  <datafield tag="942" ind1=" " ind2=" ">
    <subfield code="c">MON</subfield>
    <subfield code="2">udc</subfield>
  </datafield>
  <datafield tag="999" ind1=" " ind2=" ">
    <subfield code="c">406</subfield>
    <subfield code="d">406</subfield>
  </datafield>
  <datafield tag="952" ind1=" " ind2=" ">
    <subfield code="0">0</subfield>
    <subfield code="1">0</subfield>
    <subfield code="4">0</subfield>
    <subfield code="7">0</subfield>
    <subfield code="a">CDMR</subfield>
    <subfield code="b">CDMR</subfield>
    <subfield code="d">2013-01-16</subfield>
    <subfield code="l">0</subfield>
    <subfield code="o">Dt 11/10</subfield>
    <subfield code="p">CDMR13108422</subfield>
    <subfield code="r">2013-01-16</subfield>
    <subfield code="w">2013-01-16</subfield>
    <subfield code="y">RES</subfield>
  </datafield>
</record>
